फंडा मैनेजमेंट का / (Record no. 211030)

MARC details
000 -LEADER
fixed length control field 00841nam a22001817a 4500
005 - DATE AND TIME OF LATEST TRANSACTION
control field 20250421122521.0
010 ## - LCCN (DPL NO)
LC control number HIN-129689
020 ## - INTERNATIONAL STANDARD BOOK NUMBER
International Standard Book Number 9788171381579
Terms of availability 300.00
035 ## - SYSTEM CONTROL NUMBER
System control number HN-102035
037 ## - SOURCE OF ACQUISITION
Source of stock number/acquisition DBAD/PUB
082 ## - DEWEY DECIMAL CLASSIFICATION NUMBER
Classification number 827
Edition number 1
100 ## - MAIN ENTRY--PERSONAL NAME
Personal name शर्मा, प्रेमपाल
245 ## - TITLE STATEMENT
Title फंडा मैनेजमेंट का /
Statement of responsibility, etc प्रेमपाल शर्मा
260 ## - PUBLICATION, DISTRIBUTION, ETC. (IMPRINT)
Place of publication, distribution, etc नई दिल्ली
Name of publisher, distributor, etc सामयिक प्रकाशन
Date of publication, distribution, etc 2008
270 ## - ADDRESS
Address सामयिक प्रकाशन 3320-21, जटवाडा, नेताजी सुभाष मार्ग, दरियागंज,
City नई दिल्ली
Postal code 110002
Telephone number 7065507086
300 ## - PHYSICAL DESCRIPTION
Extent 143पृ.
Other physical details 23सेमी (सजिल्द)
942 ## - ADDED ENTRY ELEMENTS (KOHA)
Source of classification or shelving scheme Dewey Decimal Classification
Item type Hindi Books
Classification part 827
Call number suffix प्रेमपा
Edition 1
Holdings
Withdrawn status Lost status Not for loan Collection code Home library Current library Date acquired Source of acquisition Cost, normal purchase price Full call number Barcode Copy number Cost, replacement price Koha item type
      Non-fiction Patel Nagar Patel Nagar 21/04/2025 DBAD 300.00 827 प्रेमपा HN-102035 1 300.00 Hindi Books

© Delhi Public Library
Hit Counter
free hit counter